| 000 | 00479nam a2200181Ia 4500 | ||
|---|---|---|---|
| 008 | 230125s9999 xx 000 0 und d | ||
| 041 | _aeng | ||
| 082 |
_a005.133 _bBAY |
||
| 100 |
_aBayross I _9106208 |
||
| 245 | _aSQL,PL/SQL :The Programming Language of Oracle | ||
| 260 |
_c2005 _bBPB publication _aNew Delhi |
||
| 300 | _a443p | ||
| 500 | _aSQL;Oracle;PLSQL | ||
| 650 | _aComputer Management | ||
| 700 |
_aBayross I _9106208 |
||
| 906 | _b54 | ||
| 999 |
_c89835 _d89835 |
||